<?xml version="1.0" encoding="UTF-8"?>
<record
    xmlns:xsi="http://www.w3.org/2001/XMLSchema-instance"
    xsi:schemaLocation="http://www.loc.gov/MARC21/slim http://www.loc.gov/standards/marcxml/schema/MARC21slim.xsd"
    xmlns="http://www.loc.gov/MARC21/slim">

  <leader>006580000a22001090004500</leader>
  <datafield tag="100" ind1="1" ind2=" ">
    <subfield code="a">Cala, Felipe</subfield>
  </datafield>
  <datafield tag="245" ind1="1" ind2="0">
    <subfield code="a">Elogio de la impostura : C&#xF3;mo hablar de libros sin haberlos le&#xED;do</subfield>
  </datafield>
  <datafield tag="300" ind1=" " ind2=" ">
    <subfield code="a">Vol.0, n&#xFA;m.19 (Abril, 2007), P&#xE1;gina 18</subfield>
  </datafield>
  <datafield tag="520" ind1=" " ind2=" ">
    <subfield code="a">Su nombre es Pierre Bayard.  Es franc&#xE9;s y public&#xF3; un libro dirigido a escandalizar a la academia parisina.  &#xBF;Su tesis? se puede hablar, comentar y hasta disertar sobre temas desconocidos pues la lectura no es una obligaci&#xF3;n.  Bayard es el fen&#xF3;meno de ventas de la temporada en Europa y los ataques en su contra no se han hecho esperar.</subfield>
  </datafield>
  <datafield tag="773" ind1="0" ind2=" ">
    <subfield code="t">Arcadia / Andr&#xE9;s Felipe Solano, Editor</subfield>
  </datafield>
  <datafield tag="942" ind1=" " ind2=" ">
    <subfield code="c">ANA</subfield>
  </datafield>
  <datafield tag="952" ind1=" " ind2=" ">
    <subfield code="0">0</subfield>
    <subfield code="1">0</subfield>
    <subfield code="4">0</subfield>
    <subfield code="7">0</subfield>
    <subfield code="8">HEM</subfield>
    <subfield code="a">FUSBC</subfield>
    <subfield code="b">FUSBC</subfield>
    <subfield code="d">2016-01-26</subfield>
    <subfield code="l">0</subfield>
    <subfield code="o"> </subfield>
    <subfield code="r">2016-01-26 00:00:00</subfield>
    <subfield code="w">2016-01-26</subfield>
    <subfield code="y">ANA</subfield>
  </datafield>
  <datafield tag="999" ind1=" " ind2=" ">
    <subfield code="c">62091</subfield>
    <subfield code="d">62091</subfield>
  </datafield>
</record>
